Qt-4: программирование GUI на C++: пер. с англ.

Dades bibliogràfiques
Autor principal: Бланшет Ж. Жасмин
Altres autors: Саммерфилд М. Марк
Sumari:Книга представляет собой дополненное и исправленное издание востребованной на российском рынке книги «Qt4: программирование GUI на С++», выпущенной в 2007 году. Тираж быстро нашел своих покупателей. В новое издание были внесены изменения, связанные с использованием возможностей, появившихся в Qt версий 4.2 и 4.3, добавлены новые главы, посвященные настройке диалога с пользователем и созданию прикладных скриптов, рассмотрены базовые принципы программирования на Qt 4 b. В приложении В дано введение в Qt Jambi, официально поддерживаемую Java-версию API Qt, выпущенную компанией Trolltech в 2007 году.
Idioma:rus
Publicat: Москва, Кудиц-Образ, 2008
Matèries:
Format: MixedMaterials Llibre
KOHA link:https://koha.lib.tpu.ru/cgi-bin/koha/opac-detail.pl?biblionumber=241903

MARC

LEADER 00000nam0a2200000 4500
001 241903
005 20231101231843.0
010 |a 9785911360597 
035 |a (RuTPU)RU\TPU\book\263192 
090 |a 241903 
100 |a 20130821d2008 km y0rusy50 ca 
101 1 |a rus  |c eng 
102 |a RU 
105 |a y z 001zy 
200 1 |a Qt-4: программирование GUI на C++  |e пер. с англ.  |f Ж. Бланшет, М. Саммерфилд 
210 |a Москва  |c Кудиц-Образ  |d 2008 
215 |a 736 с. 
320 |a Предм. указ.: с. 674-718. 
330 |a Книга представляет собой дополненное и исправленное издание востребованной на российском рынке книги «Qt4: программирование GUI на С++», выпущенной в 2007 году. Тираж быстро нашел своих покупателей. В новое издание были внесены изменения, связанные с использованием возможностей, появившихся в Qt версий 4.2 и 4.3, добавлены новые главы, посвященные настройке диалога с пользователем и созданию прикладных скриптов, рассмотрены базовые принципы программирования на Qt 4 b. В приложении В дано введение в Qt Jambi, официально поддерживаемую Java-версию API Qt, выпущенную компанией Trolltech в 2007 году. 
606 1 |a Программирование  |2 stltpush  |3 (RuTPU)RU\TPU\subj\51780  |9 70345 
610 1 |a средства разработки 
610 1 |a приложения 
610 1 |a возможности 
610 1 |a функции 
610 1 |a QT 
675 |a 004.42  |v 4 
700 1 |a Бланшет  |b Ж.  |g Жасмин 
701 1 |a Саммерфилд  |b М.  |g Марк 
801 1 |a RU  |b 63413507  |c 20130821 
801 2 |a RU  |b 63413507  |c 20140422  |g RCR 
942 |c BK